[Event "Kadettlandskamp NOR-SWE B 2018"]
[Site "NTG, Bærum, Norway"]
[Date "2018.12.15"]
[Round "3.4"]
[White "Rasti, Arvin"]
[Black "Vitenberg, Noam A"]
[Result "0-1"]
[WhiteFideId "1741160"]
[BlackFideId "1532138"]
[WhiteElo "1777"]
[BlackElo "1889"]

1. d4 {[%clk 00:15:17]} {[%emt 00:00:02]} Nf6 {[%clk 00:15:18]} {[%emt
00:00:02]} 2. c4 {[%clk 00:15:24]} {[%emt 00:00:04]} e6 {[%clk 00:15:26]}
{[%emt 00:00:02]} 3. Nc3 {[%clk 00:15:19]} {[%emt 00:00:15]} Bb4 {[%clk
00:15:32]} {[%emt 00:00:03]} 4. e3 {[%clk 00:15:28]} {[%emt 00:00:02]} O-O
{[%clk 00:15:38]} {[%emt 00:00:04]} 5. Bd3 {[%clk 00:15:37]} {[%emt 00:00:02]}
d5 {[%clk 00:15:35]} {[%emt 00:00:12]} 6. Nf3 {[%clk 00:15:41]} {[%emt
00:00:05]} c5 {[%clk 00:15:25]} {[%emt 00:00:20]} 7. O-O {[%clk 00:15:49]}
{[%emt 00:00:03]} cxd4 {[%clk 00:15:33]} {[%emt 00:00:02]} 8. exd4 {[%clk
00:15:51]} {[%emt 00:00:08]} dxc4 {[%clk 00:15:41]} {[%emt 00:00:02]} 9. Bxc4
{[%clk 00:16:00]} {[%emt 00:00:02]} b6 {[%clk 00:15:49]} {[%emt 00:00:01]} 10.
Bg5 {[%clk 00:15:57]} {[%emt 00:00:13]} Bb7 {[%clk 00:15:55]} {[%emt 00:00:04]}
11. a3 {[%clk 00:15:53]} {[%emt 00:00:14]} Bxc3 {[%clk 00:16:01]} {[%emt
00:00:04]} 12. bxc3 {[%clk 00:16:01]} {[%emt 00:00:01]} Nbd7 {[%clk 00:15:15]}
{[%emt 00:00:56]} 13. Bd3 {[%clk 00:15:54]} {[%emt 00:00:17]} Qc7 {[%clk
00:15:07]} {[%emt 00:00:18]} 14. c4 {[%clk 00:15:21]} {[%emt 00:00:43]} Rac8
{[%clk 00:14:25]} {[%emt 00:00:52]} 15. Qe2 {[%clk 00:15:20]} {[%emt 00:00:12]}
Ng4 {[%clk 00:13:54]} {[%emt 00:00:41]} 16. d5 {[%clk 00:11:36]} {[%emt
00:03:55]} exd5 {[%clk 00:12:07]} {[%emt 00:01:56]} 17. Bf5 {[%clk 00:11:32]}
{[%emt 00:00:14]} Rce8 {[%clk 00:10:58]} {[%emt 00:01:19]} 18. Qd3 {[%clk
00:10:29]} {[%emt 00:01:12]} Ndf6 {[%clk 00:09:25]} {[%emt 00:01:43]} 19. cxd5
{[%clk 00:09:48]} {[%emt 00:00:51]} Bxd5 {[%clk 00:08:40]} {[%emt 00:00:55]} 20.
Bxh7+ {[%clk 00:09:27]} {[%emt 00:00:32]} Kh8 {[%clk 00:08:08]} {[%emt
00:00:41]} 21. Rac1 {[%clk 00:08:34]} {[%emt 00:01:04]} Qb7 {[%clk 00:07:22]}
{[%emt 00:00:55]} 22. Bf5 {[%clk 00:06:25]} {[%emt 00:02:19]} Kg8 {[%clk
00:06:45]} {[%emt 00:00:46]} 23. h3 {[%clk 00:05:04]} {[%emt 00:01:31]} Nh6
{[%clk 00:04:33]} {[%emt 00:02:22]} 24. Bxh6 {[%clk 00:04:34]} {[%emt
00:00:39]} gxh6 {[%clk 00:04:41]} {[%emt 00:00:02]} 25. Nh4 {[%clk 00:04:27]}
{[%emt 00:00:18]} Nh5 {[%clk 00:02:21]} {[%emt 00:02:30]} 26. Qd1 {[%clk
00:03:35]} {[%emt 00:01:02]} Nf6 {[%clk 00:01:28]} {[%emt 00:01:04]} 27. Qd2
{[%clk 00:02:53]} {[%emt 00:00:52]} Kg7 {[%clk 00:01:26]} {[%emt 00:00:12]} 28.
Bb1 {[%clk 00:02:26]} {[%emt 00:00:37]} Be4 {[%clk 00:01:25]} {[%emt 00:00:11]}
29. f3 {[%clk 00:01:44]} {[%emt 00:00:52]} Bxb1 {[%clk 00:01:00]} {[%emt
00:00:35]} 30. Rxb1 {[%clk 00:01:54]} {[%emt 00:00:01]} Qd5 {[%clk 00:01:08]}
{[%emt 00:00:01]} 31. Qf4 {[%clk 00:01:31]} {[%emt 00:00:33]} Qg5 {[%clk
00:00:35]} {[%emt 00:00:43]} 32. Qd4 {[%clk 00:00:36]} {[%emt 00:01:04]} Rd8
{[%emt 00:00:37]} 33. Qc4 {[%clk 00:00:23]} Rc8 {[%clk 00:00:19]} {[%emt
00:00:22]} 34. Qb4 {[%clk 00:00:32]} Qc5+ {[%clk 00:00:12]} {[%emt 00:00:17]}
35. Qxc5 {[%clk 00:00:29]} {[%emt 00:00:14]} bxc5 {[%clk 00:00:16]} {[%emt
00:00:07]} 36. Rfc1 {[%clk 00:00:27]} {[%emt 00:00:11]} c4 {[%clk 00:00:21]}
{[%emt 00:00:05]} 37. Nf5+ {[%clk 00:00:34]} {[%emt 00:00:03]} Kh7 {[%clk
00:00:24]} {[%emt 00:00:07]} 38. Nd6 {[%clk 00:00:43]} {[%emt 00:00:01]} Rc6
{[%clk 00:00:33]} 39. Nxc4 {[%clk 00:00:21]} {[%emt 00:00:32]} Rfc8 {[%clk
00:00:41]} {[%emt 00:00:02]} 40. Rb4 {[%clk 00:00:23]} {[%emt 00:00:08]} Nd5
{[%clk 00:00:21]} {[%emt 00:00:30]} 41. Ra4 {[%clk 00:00:16]} {[%emt 00:00:17]}
R8c7 {[%clk 00:00:21]} {[%emt 00:00:09]} 42. Rd1 {[%clk 00:00:15]} {[%emt
00:00:12]} Nc3 {[%clk 00:00:30]} {[%emt 00:00:02]} 0-1

[Event "Kadettlandskamp NOR-SWE B 2018"]
[Site "NTG, Bærum, Norway"]
[Date "2018.12.15"]
[Round "3.5"]
[White "Ivarsson, Sebastian"]
[Black "Nielsen, Andre"]
[Result "0-1"]
[BlackTitle "FM"]
[WhiteFideId "1738593"]
[BlackFideId "1518240"]
[WhiteElo "1652"]
[BlackElo "1917"]

1. d4 {[%clk 00:15:18]} {[%emt 00:00:03]} Nf6 {[%clk 00:15:18]} {[%emt
00:00:02]} 2. c4 {[%clk 00:15:26]} {[%emt 00:00:02]} e6 {[%clk 00:15:25]}
{[%emt 00:00:03]} 3. Nc3 {[%clk 00:15:33]} {[%emt 00:00:03]} Bb4 {[%clk
00:15:31]} {[%emt 00:00:04]} 4. e3 {[%clk 00:15:42]} {[%emt 00:00:02]} O-O
{[%clk 00:15:30]} {[%emt 00:00:11]} 5. Bd3 {[%clk 00:15:49]} {[%emt 00:00:02]}
d5 {[%clk 00:15:17]} {[%emt 00:00:23]} 6. Nf3 {[%clk 00:15:56]} {[%emt
00:00:04]} b6 {[%clk 00:15:17]} {[%emt 00:00:09]} 7. O-O {[%clk 00:16:02]}
{[%emt 00:00:05]} Bb7 {[%clk 00:15:18]} {[%emt 00:00:09]} 8. a3 {[%clk
00:15:23]} {[%emt 00:00:49]} Bd6 {[%clk 00:15:14]} {[%emt 00:00:14]} 9. Qe2
{[%clk 00:14:38]} {[%emt 00:00:55]} Nbd7 {[%clk 00:14:47]} {[%emt 00:00:36]} 10.
Rd1 {[%clk 00:14:23]} {[%emt 00:00:26]} Re8 {[%clk 00:14:24]} {[%emt 00:00:32]}
11. b3 {[%clk 00:12:03]} {[%emt 00:02:30]} a6 {[%clk 00:13:03]} {[%emt
00:01:31]} 12. Bb2 {[%clk 00:11:58]} {[%emt 00:00:16]} Ne4 {[%clk 00:12:15]}
{[%emt 00:00:57]} 13. Nd2 {[%clk 00:11:01]} {[%emt 00:01:07]} f5 {[%clk
00:09:38]} {[%emt 00:02:48]} 14. f3 {[%clk 00:10:06]} {[%emt 00:01:05]} Qh4
{[%clk 00:06:02]} {[%emt 00:03:45]} 15. g3 {[%clk 00:07:42]} {[%emt 00:02:35]}
Nxc3 {[%clk 00:05:52]} {[%emt 00:00:20]} 16. Bxc3 {[%clk 00:07:50]} {[%emt
00:00:02]} Qh5 {[%clk 00:05:46]} {[%emt 00:00:14]} 17. Re1 {[%clk 00:07:02]}
{[%emt 00:01:00]} e5 {[%clk 00:02:54]} {[%emt 00:03:02]} 18. f4 {[%clk
00:04:29]} {[%emt 00:02:43]} Qxe2 {[%clk 00:02:51]} {[%emt 00:00:12]} 19. Bxe2
{[%clk 00:04:38]} {[%emt 00:00:02]} exd4 {[%clk 00:02:09]} {[%emt 00:00:51]} 20.
exd4 {[%clk 00:04:08]} {[%emt 00:00:41]} Re3 {[%clk 00:02:04]} {[%emt
00:00:14]} 21. Bb2 {[%clk 00:04:10]} {[%emt 00:00:09]} Rae8 {[%clk 00:01:57]}
{[%emt 00:00:16]} 22. Kf2 {[%clk 00:04:16]} {[%emt 00:00:05]} Nf6 {[%clk
00:01:22]} {[%emt 00:00:44]} 23. cxd5 {[%clk 00:03:22]} {[%emt 00:01:04]} Bxd5
{[%emt 00:00:41]} 24. Bxa6 {[%clk 00:02:55]} {[%emt 00:00:35]} Ng4+ {[%clk
00:00:42]} {[%emt 00:00:22]} 25. Kf1 {[%clk 00:02:48]} {[%emt 00:00:17]} Nxh2+
{[%clk 00:00:41]} {[%emt 00:00:11]} 26. Kf2 {[%clk 00:02:57]} {[%emt 00:00:01]}
Ng4+ {[%clk 00:00:40]} {[%emt 00:00:11]} 27. Kf1 {[%clk 00:03:02]} {[%emt
00:00:05]} Bg2+ {[%clk 00:00:20]} {[%emt 00:00:29]} 28. Kxg2 {[%clk 00:03:00]}
{[%emt 00:00:13]} Rxe1 {[%clk 00:00:28]} {[%emt 00:00:02]} 29. Bc4+ {[%clk
00:02:40]} {[%emt 00:00:30]} Kf8 {[%clk 00:00:34]} {[%emt 00:00:04]} 30. Rxe1
{[%clk 00:02:48]} {[%emt 00:00:02]} Rxe1 {[%clk 00:00:41]} {[%emt 00:00:03]} 31.
Nf3 {[%clk 00:02:49]} {[%emt 00:00:10]} Rb1 {[%clk 00:00:18]} {[%emt 00:00:32]}
32. Bc3 {[%clk 00:02:51]} {[%emt 00:00:09]} Ne3+ {[%clk 00:00:22]} {[%emt
00:00:06]} 33. Kf2 {[%clk 00:02:56]} {[%emt 00:00:06]} Nxc4 {[%clk 00:00:24]}
{[%emt 00:00:07]} 34. bxc4 {[%clk 00:03:01]} {[%emt 00:00:06]} Rb3 {[%clk
00:00:23]} {[%emt 00:00:09]} 35. Bd2 {[%clk 00:03:00]} {[%emt 00:00:12]} Rxa3
{[%clk 00:00:28]} {[%emt 00:00:06]} 36. Ne5 {[%clk 00:03:00]} {[%emt 00:00:12]}
Bxe5 {[%clk 00:00:27]} {[%emt 00:00:10]} 37. fxe5 {[%clk 00:03:00]} {[%emt
00:00:10]} Ra2 {[%clk 00:00:23]} {[%emt 00:00:14]} 38. Ke3 {[%clk 00:03:06]}
{[%emt 00:00:03]} Kf7 {[%clk 00:00:29]} {[%emt 00:00:05]} 39. d5 {[%clk
00:02:55]} {[%emt 00:00:21]} Ra3+ {[%clk 00:00:30]} {[%emt 00:00:09]} 40. Kd4
{[%clk 00:02:33]} {[%emt 00:00:32]} Rxg3 {[%clk 00:00:33]} {[%emt 00:00:07]} 41.
e6+ {[%clk 00:02:41]} {[%emt 00:00:01]} Kf6 {[%clk 00:00:35]} {[%emt 00:00:08]}
42. Bf4 {[%clk 00:02:50]} {[%emt 00:00:02]} Rg4 {[%clk 00:00:41]} {[%emt
00:00:04]} 43. Ke3 {[%clk 00:02:59]} {[%emt 00:00:01]} Rxf4 {[%clk 00:00:24]}
{[%emt 00:00:27]} 44. Kxf4 {[%clk 00:03:08]} {[%emt 00:00:01]} g5+ {[%clk
00:00:32]} {[%emt 00:00:01]} 0-1

[Event "Kadettlandskamp NOR-SWE B 2018"]
[Site "NTG, Bærum, Norway"]
[Date "2018.12.15"]
[Round "3.6"]
[White "Muntean, Viktor"]
[Black "Abdrlauf, Elham"]
[Result "0-1"]
[WhiteFideId "1054414"]
[BlackFideId "1533533"]
[WhiteElo "1791"]
[BlackElo "2191"]

1. e4 {[%clk 00:15:18]} {[%emt 00:00:01]} e5 {[%clk 00:15:15]} {[%emt
00:00:05]} 2. f4 {[%clk 00:15:26]} {[%emt 00:00:02]} exf4 {[%clk 00:15:23]}
{[%emt 00:00:02]} 3. Bc4 {[%clk 00:15:35]} {[%emt 00:00:02]} Nf6 {[%clk
00:15:19]} {[%emt 00:00:14]} 4. Nc3 {[%clk 00:15:36]} {[%emt 00:00:10]} Nc6
{[%clk 00:15:18]} {[%emt 00:00:11]} 5. d4 {[%clk 00:15:22]} {[%emt 00:00:24]}
d6 {[%clk 00:15:22]} {[%emt 00:00:06]} 6. Bxf4 {[%clk 00:15:06]} {[%emt
00:00:26]} Be7 {[%clk 00:15:26]} {[%emt 00:00:05]} 7. Nf3 {[%clk 00:15:08]}
{[%emt 00:00:09]} O-O {[%clk 00:15:31]} {[%emt 00:00:05]} 8. Qd2 {[%clk
00:14:38]} {[%emt 00:00:40]} a6 {[%clk 00:15:32]} {[%emt 00:00:09]} 9. O-O
{[%clk 00:14:28]} {[%emt 00:00:19]} b5 {[%clk 00:15:36]} {[%emt 00:00:06]} 10.
Bb3 {[%clk 00:13:15]} {[%emt 00:01:23]} b4 {[%clk 00:15:38]} {[%emt 00:00:08]}
11. Nd5 {[%clk 00:12:53]} {[%emt 00:00:32]} Nxe4 {[%clk 00:15:34]} {[%emt
00:00:13]} 12. Qe1 {[%clk 00:12:23]} {[%emt 00:00:41]} Nf6 {[%clk 00:15:36]}
{[%emt 00:00:08]} 13. Nxb4 {[%clk 00:12:16]} {[%emt 00:00:17]} Nxb4 {[%clk
00:15:16]} {[%emt 00:00:30]} 14. Qxb4 {[%clk 00:12:24]} {[%emt 00:00:02]} a5
{[%clk 00:14:44]} {[%emt 00:00:42]} 15. Qd2 {[%clk 00:11:50]} {[%emt 00:00:44]}
d5 {[%clk 00:13:20]} {[%emt 00:01:34]} 16. c3 {[%clk 00:11:21]} {[%emt
00:00:40]} Ne4 {[%clk 00:13:19]} {[%emt 00:00:10]} 17. Qe3 {[%clk 00:11:17]}
{[%emt 00:00:14]} a4 {[%clk 00:12:43]} {[%emt 00:00:47]} 18. Bc2 {[%clk
00:10:57]} {[%emt 00:00:30]} Ba6 {[%clk 00:12:32]} {[%emt 00:00:21]} 19. Rfe1
{[%clk 00:10:58]} {[%emt 00:00:08]} Bb7 {[%clk 00:12:40]} {[%emt 00:00:02]} 20.
Nd2 {[%clk 00:07:29]} {[%emt 00:03:39]} Re8 {[%clk 00:11:51]} {[%emt 00:00:58]}
21. Nxe4 {[%clk 00:07:12]} {[%emt 00:00:28]} dxe4 {[%clk 00:11:59]} {[%emt
00:00:01]} 22. Qg3 {[%clk 00:06:49]} {[%emt 00:00:33]} Bh4 {[%clk 00:11:55]}
{[%emt 00:00:15]} 23. Qg4 {[%clk 00:06:05]} {[%emt 00:00:54]} Bxe1 {[%clk
00:11:54]} {[%emt 00:00:10]} 24. Rxe1 {[%clk 00:06:13]} {[%emt 00:00:02]} Bd5
{[%clk 00:10:28]} {[%emt 00:01:36]} 25. Qh5 {[%clk 00:04:15]} {[%emt 00:02:08]}
c6 {[%clk 00:09:50]} {[%emt 00:00:49]} 26. Re3 {[%clk 00:03:13]} {[%emt
00:01:12]} f6 {[%clk 00:08:05]} {[%emt 00:01:55]} 27. Rh3 {[%clk 00:02:50]}
{[%emt 00:00:33]} h6 {[%clk 00:06:08]} {[%emt 00:02:07]} 28. Bxh6 {[%clk
00:00:50]} {[%emt 00:02:10]} gxh6 {[%clk 00:06:16]} {[%emt 00:00:02]} 29. Rg3+
{[%clk 00:00:46]} {[%emt 00:00:15]} Kf8 {[%clk 00:06:25]} 30. Qxh6+ {[%clk
00:00:31]} {[%emt 00:00:25]} Ke7 {[%clk 00:06:31]} {[%emt 00:00:02]} 31. Bd1
{[%clk 00:00:19]} {[%emt 00:00:22]} Rg8 {[%clk 00:05:51]} {[%emt 00:00:51]} 32.
Rh3 {[%clk 00:00:12]} {[%emt 00:00:17]} Rb8 {[%clk 00:05:10]} {[%emt 00:00:51]}
33. Qf4 {[%clk 00:00:16]} {[%emt 00:00:06]} Rxb2 {[%clk 00:04:42]} {[%emt
00:00:39]} 34. Rh7+ {[%emt 00:00:05]} Bf7 {[%emt 00:00:01]} 35. Qxe4+ {[%clk
00:00:14]} {[%emt 00:00:16]} Kf8 {[%clk 00:05:00]} {[%emt 00:00:01]} 36. Qe3
{[%emt 00:00:14]} Rgxg2+ {[%emt 00:00:10]} 37. Kh1 {[%emt 00:00:04]} {time} 0-1

[Event "Kadettlandskamp NOR-SWE B 2018"]
[Site "NTG, Bærum, Norway"]
[Date "2018.12.15"]
[Round "4.1"]
[White "Abdrlauf, Elham"]
[Black "Falkevall, Axel"]
[Result "0-1"]
[WhiteFideId "1533533"]
[BlackFideId "1735560"]
[WhiteElo "2191"]
[BlackElo "1715"]

1. e4 {[%clk 00:15:19]} e6 {[%clk 00:15:19]} {[%emt 00:00:01]} 2. d4 {[%clk
00:15:28]} {[%emt 00:00:01]} d5 {[%clk 00:15:28]} 3. Nd2 {[%clk 00:15:38]} Nf6
{[%clk 00:15:37]} {[%emt 00:00:02]} 4. e5 {[%clk 00:15:46]} {[%emt 00:00:01]}
Nfd7 {[%clk 00:15:46]} 5. Ngf3 {[%clk 00:15:49]} {[%emt 00:00:07]} c5 {[%clk
00:15:54]} 6. c3 {[%clk 00:15:59]} {[%emt 00:00:01]} Nc6 {[%clk 00:16:03]} 7.
Bd3 {[%clk 00:16:08]} g6 {[%clk 00:16:12]} {[%emt 00:00:01]} 8. O-O {[%clk
00:16:13]} {[%emt 00:00:05]} Bg7 {[%clk 00:16:20]} 9. Bc2 {[%clk 00:15:54]}
{[%emt 00:00:30]} O-O {[%clk 00:16:04]} {[%emt 00:00:25]} 10. Re1 {[%clk
00:16:02]} {[%emt 00:00:02]} a5 {[%clk 00:16:02]} {[%emt 00:00:12]} 11. Nf1
{[%clk 00:15:58]} {[%emt 00:00:15]} cxd4 {[%clk 00:15:50]} {[%emt 00:00:21]} 12.
cxd4 {[%clk 00:16:07]} f6 {[%clk 00:15:53]} {[%emt 00:00:08]} 13. exf6 {[%clk
00:16:11]} {[%emt 00:00:07]} Nxf6 {[%clk 00:16:02]} {[%emt 00:00:01]} 14. Ng3
{[%clk 00:16:10]} {[%emt 00:00:10]} Bd7 {[%clk 00:15:11]} {[%emt 00:01:01]} 15.
Bg5 {[%clk 00:15:46]} {[%emt 00:00:35]} Qb6 {[%clk 00:14:33]} {[%emt 00:00:47]}
16. Ne5 {[%clk 00:14:38]} {[%emt 00:01:19]} Nxe5 {[%clk 00:14:18]} {[%emt
00:00:25]} 17. dxe5 {[%clk 00:14:44]} {[%emt 00:00:03]} Ng4 {[%clk 00:13:20]}
{[%emt 00:01:08]} 18. Qxg4 {[%clk 00:14:30]} {[%emt 00:00:25]} Qxf2+ {[%clk
00:13:28]} {[%emt 00:00:01]} 19. Kh1 {[%clk 00:14:39]} Qxc2 {[%clk 00:13:35]}
{[%emt 00:00:03]} 20. Rac1 {[%clk 00:14:30]} {[%emt 00:00:19]} Qxb2 {[%clk
00:13:05]} {[%emt 00:00:40]} 21. Rc7 {[%clk 00:14:29]} {[%emt 00:00:11]} Rf7
{[%clk 00:11:45]} {[%emt 00:01:31]} 22. Rxd7 {[%clk 00:13:53]} {[%emt
00:00:46]} Rxd7 {[%clk 00:11:42]} {[%emt 00:00:13]} 23. Qxe6+ {[%clk 00:14:02]}
Rf7 {[%clk 00:11:51]} 24. Qxd5 {[%clk 00:14:11]} {[%emt 00:00:02]} Qc3 {[%clk
00:10:30]} {[%emt 00:01:30]} 25. Rf1 {[%clk 00:14:13]} {[%emt 00:00:09]} Raf8
{[%clk 00:10:29]} {[%emt 00:00:11]} 26. Rc1 {[%clk 00:13:44]} {[%emt 00:00:38]}
Qxe5 {[%clk 00:10:11]} {[%emt 00:00:28]} 27. Qd2 {[%clk 00:13:52]} {[%emt
00:00:03]} Rf2 {[%clk 00:09:43]} {[%emt 00:00:37]} 28. Qe3 {[%clk 00:13:42]}
{[%emt 00:00:21]} Qxe3 {[%clk 00:09:39]} {[%emt 00:00:14]} 29. Bxe3 {[%clk
00:13:50]} {[%emt 00:00:03]} Rxa2 {[%clk 00:09:41]} {[%emt 00:00:07]} 30. Bg1
{[%clk 00:13:18]} {[%emt 00:00:43]} Ra1 {[%clk 00:09:31]} {[%emt 00:00:19]} 31.
Rc4 {[%clk 00:13:19]} {[%emt 00:00:09]} b5 {[%emt 00:00:15]} 32. Re4 b4 {[%clk
00:09:30]} {[%emt 00:00:06]} 33. h4 {[%clk 00:13:36]} {[%emt 00:00:03]} b3
{[%clk 00:09:35]} {[%emt 00:00:05]} 34. h5 {[%clk 00:13:40]} {[%emt 00:00:06]}
b2 {[%clk 00:09:38]} {[%emt 00:00:06]} 35. h6 {[%clk 00:13:44]} {[%emt
00:00:07]} b1=Q {[%clk 00:09:35]} {[%emt 00:00:12]} 0-1

[Event "Kadettlandskamp NOR-SWE B 2018"]
[Site "NTG, Bærum, Norway"]
[Date "2018.12.15"]
[Round "4.2"]
[White "Olsson, William"]
[Black "Kizatbay, Abyl"]
[Result "0-1"]
[WhiteFideId "1741721"]
[BlackFideId "1521853"]
[WhiteElo "1743"]
[BlackElo "1952"]

1. Nf3 {[%clk 00:15:17]} {[%emt 00:00:03]} Nf6 {[%clk 00:15:19]} 2. d4 {[%clk
00:15:25]} {[%emt 00:00:03]} g6 {[%clk 00:15:28]} {[%emt 00:00:01]} 3. Bf4
{[%clk 00:15:32]} {[%emt 00:00:03]} Bg7 {[%clk 00:15:37]} {[%emt 00:00:01]} 4.
Nc3 {[%clk 00:15:41]} {[%emt 00:00:01]} d5 {[%clk 00:15:45]} {[%emt 00:00:03]}
5. e3 {[%clk 00:15:49]} {[%emt 00:00:01]} O-O {[%clk 00:15:31]} {[%emt
00:00:23]} 6. Be2 {[%clk 00:15:41]} {[%emt 00:00:19]} c5 {[%clk 00:15:38]}
{[%emt 00:00:03]} 7. Qd2 {[%clk 00:15:38]} {[%emt 00:00:13]} Nbd7 {[%clk
00:14:55]} {[%emt 00:00:53]} 8. O-O-O {[%clk 00:14:56]} {[%emt 00:00:53]} c4
{[%clk 00:14:02]} {[%emt 00:01:02]} 9. h4 {[%clk 00:14:49]} {[%emt 00:00:17]}
b5 {[%clk 00:13:07]} {[%emt 00:01:06]} 10. Nxb5 {[%clk 00:14:34]} {[%emt
00:00:25]} Ne4 {[%clk 00:12:22]} {[%emt 00:00:55]} 11. Qe1 {[%clk 00:13:52]}
{[%emt 00:00:52]} Qb6 {[%clk 00:12:18]} {[%emt 00:00:14]} 12. Nc3 {[%clk
00:13:34]} {[%emt 00:00:28]} Ndf6 {[%clk 00:12:25]} {[%emt 00:00:03]} 13. Ng5
{[%clk 00:12:43]} {[%emt 00:01:01]} Nxc3 {[%clk 00:11:24]} {[%emt 00:01:11]} 14.
Qxc3 {[%clk 00:12:14]} {[%emt 00:00:38]} h6 {[%clk 00:11:24]} {[%emt 00:00:12]}
15. Nh3 {[%clk 00:12:21]} {[%emt 00:00:01]} Ne4 {[%clk 00:10:35]} {[%emt
00:01:00]} 16. Qa3 {[%clk 00:12:20]} {[%emt 00:00:11]} Bxh3 {[%clk 00:10:38]}
{[%emt 00:00:07]} 17. Rxh3 {[%clk 00:12:07]} {[%emt 00:00:22]} Nxf2 {[%clk
00:10:44]} {[%emt 00:00:04]} 18. Rg3 {[%clk 00:12:09]} {[%emt 00:00:08]} Nxd1
{[%clk 00:10:41]} {[%emt 00:00:14]} 19. Bxd1 {[%clk 00:12:17]} {[%emt
00:00:02]} Rfe8 {[%clk 00:09:48]} {[%emt 00:01:03]} 20. Bf3 {[%clk 00:11:14]}
{[%emt 00:01:12]} e5 {[%clk 00:09:20]} {[%emt 00:00:38]} 21. dxe5 {[%clk
00:10:17]} {[%emt 00:01:06]} Bxe5 {[%clk 00:09:26]} {[%emt 00:00:04]} 22. Bxe5
{[%clk 00:08:23]} {[%emt 00:02:05]} Rxe5 {[%clk 00:09:23]} {[%emt 00:00:13]} 23.
Bd1 {[%clk 00:08:02]} {[%emt 00:00:29]} Rae8 {[%clk 00:09:29]} {[%emt
00:00:06]} 24. Kd2 {[%clk 00:07:41]} {[%emt 00:00:30]} d4 {[%clk 00:09:29]}
{[%emt 00:00:11]} 25. exd4 {[%clk 00:07:47]} {[%emt 00:00:04]} Qxd4+ {[%clk
00:09:37]} 26. Kc1 {[%clk 00:07:56]} {[%emt 00:00:01]} Re1 {[%clk 00:09:46]}
{[%emt 00:00:02]} 27. Qf3 {[%clk 00:08:04]} {[%emt 00:00:02]} Rxd1+ {[%clk
00:09:40]} {[%emt 00:00:16]} 28. Qxd1 {[%clk 00:07:50]} {[%emt 00:00:24]} Qf4+
{[%clk 00:09:49]} 0-1